<?xml version="1.0" encoding="UTF-8"?><?xml-stylesheet type="text/xsl" href="static/style.xsl"?><OAI-PMH xmlns="http://www.openarchives.org/OAI/2.0/" xmlns:xsi="http://www.w3.org/2001/XMLSchema-instance" xsi:schemaLocation="http://www.openarchives.org/OAI/2.0/ http://www.openarchives.org/OAI/2.0/OAI-PMH.xsd"><responseDate>2026-04-17T15:48:03Z</responseDate><request verb="GetRecord" identifier="oai:www.recercat.cat:20.500.14342/3786" metadataPrefix="marc">https://recercat.cat/oai/request</request><GetRecord><record><header><identifier>oai:recercat.cat:20.500.14342/3786</identifier><datestamp>2026-01-24T14:42:15Z</datestamp><setSpec>com_2072_482405</setSpec><setSpec>com_2072_183628</setSpec><setSpec>col_2072_482410</setSpec></header><metadata><record xmlns="http://www.loc.gov/MARC21/slim" xmlns:dcterms="http://purl.org/dc/terms/" xmlns:xsi="http://www.w3.org/2001/XMLSchema-instance" xmlns:doc="http://www.lyncode.com/xoai" xsi:schemaLocation="http://www.loc.gov/MARC21/slim http://www.loc.gov/standards/marcxml/schema/MARC21slim.xsd">
   <leader>00925njm 22002777a 4500</leader>
   <datafield ind2=" " ind1=" " tag="042">
      <subfield code="a">dc</subfield>
   </datafield>
   <datafield ind2=" " ind1=" " tag="720">
      <subfield code="a">Radigales, Jaume</subfield>
      <subfield code="e">author</subfield>
   </datafield>
   <datafield ind2=" " ind1=" " tag="260">
      <subfield code="c">2022</subfield>
   </datafield>
   <datafield ind2=" " ind1=" " tag="520">
      <subfield code="a">En este artículo se presenta y se analiza una faceta de la actividad lírica de la Barcelona del siglo  XIX  (período  1844-1851),  la  correspondiente  a  la  programación  lírica  debida  a  las sociedades Filarmónica y Apolínea, al margen de los dos teatros hegemónicos de la ciudad: el Teatro Principal (o de Santa Cruz) y el Gran Teatro del Liceu. Dichas actividades constatan la preeminencia y hegemonía de la ópera italiana en general y de Donizetti en particular.</subfield>
   </datafield>
   <datafield ind2=" " ind1=" " tag="520">
      <subfield code="a">With this paper we present and analyze an aspect of the lyrical activity in Barcelona during the 19thCentury (period 1844-1851). This period corresponds to the operatic programming due to the two Societies (Filarmónica and Apolínea), outside the two hegemonic theaters of the city: the Teatro Principal (or Santa Cruz) and the Gran Teatro del Liceo. These activities confirm  the  preeminence  and  hegemony  of  Italian  opera  in  general  and  Donizetti  in particular.</subfield>
   </datafield>
   <datafield ind1="8" ind2=" " tag="024">
      <subfield code="a">http://hdl.handle.net/20.500.14342/3786</subfield>
   </datafield>
   <datafield ind1="8" ind2=" " tag="024">
      <subfield code="a">https://doi.org/10.18239/invesmusic.2022.14.07</subfield>
   </datafield>
   <datafield tag="653" ind2=" " ind1=" ">
      <subfield code="a">Barcelona</subfield>
   </datafield>
   <datafield tag="653" ind2=" " ind1=" ">
      <subfield code="a">Òpera</subfield>
   </datafield>
   <datafield tag="653" ind2=" " ind1=" ">
      <subfield code="a">Recepció musical</subfield>
   </datafield>
   <datafield tag="653" ind2=" " ind1=" ">
      <subfield code="a">Societats de concerts</subfield>
   </datafield>
   <datafield tag="653" ind2=" " ind1=" ">
      <subfield code="a">Segle XIX</subfield>
   </datafield>
   <datafield ind2="0" ind1="0" tag="245">
      <subfield code="a">Contribución al estudio de la actividad operística en Barcelona (1844-1851):el caso de las sociedades filarmónica y apolínea y del teatro Odeón</subfield>
   </datafield>
</record></metadata></record></GetRecord></OAI-PMH>